Κατάλογος Βιβλιοθηκών Mediterranean College

Art of Life Health / Τι Επιφυλάσει το Μέλλον για τα Νοσήματα της Καρδιάς (Record no. 9767)

MARC details
000 -LEADER
fixed length control field 02302cam a22001934a 4500
005 - ΗΜΕΡΟΜΗΝΙΑ ΚΑΙ ΩΡΑ ΤΕΛΕΥΤΑΙΑΣ ΕΝΗΜΕΡΩΣΗΣ
Πεδίο ελέγχου 20250605164409.0
008 - FIXED-LENGTH DATA ELEMENTS--GENERAL INFORMATION
Πεδίο ελέγχου σταθερού μήκους 250528s ||||||||||||||||||||||||d
035 ## - SYSTEM CONTROL NUMBER
System control number 24938
040 ## - ΠΗΓΗ ΚΑΤΑΛΟΓΟΓΡΑΦΗΣΗΣ
Φορέας πρωτότυπης καταλογογράφησης MC Athens Campus Library
Γλώσσα καταλογογράφησης Ελληνικά, Μοντέρνα (1453-)
Modifying agency MC Athens Campus Library
Κανόνες περιγραφικής καταλογογράφησης AACR2
245 1# - ΤΙΤΛΟΣ ΚΑΙ ΔΗΛΩΣΗ ΥΠΕΥΘΥΝΟΤΗΤΑΣ
Τίτλος Art of Life Health / Τι Επιφυλάσει το Μέλλον για τα Νοσήματα της Καρδιάς
260 ## - PUBLICATION, DISTRIBUTION, ETC.
Date of publication, distribution, etc. 2024
300 ## - PHYSICAL DESCRIPTION
Extent 122
520 ## - SUMMARY, ETC.
Summary, etc. Νευραλγία Τριδύμου: Ο Ρόλος της Επεμβατικής Ακτινολογίας, EDOF: Ενδοφακοί Εστίασης Αυξημένου Βάθους, Εξωσωματική Γονιμοποίηση: Πώς Επιλέγω την Κατάλληλη Μονάδα;, Εξωσωματική: Η Σημασία του Σωστού Τρόπου Ζωής, Αφιέρωμα: Η Καρδιολογία και η Καρδιοχειρουργική στους Καιρούς της Υψηλής Τεχνολογίας, Εν Αναμονή μιας Νέας Πανδημίας μετά τον Κορονοϊό, Εφηβεία: Σεξουαλικώς Μεταδιδόμενες Λοιμώξεις και Αντισύλληψη, Αναγεννητική Ορθοπαιδική: Βιολογική Αντικατάσταση Γόνατος, Φόβοι και Φοβίες στα Παιδιά: Πώς Μπορούν να Βοηθήσουν οι Γονείς, Διογκώσεις του Τραχήλου στα Παιδιά, TIP TOE WALKING: Βάδιση στις Μύτες των Άκρων Ποδών, Υπολειπόμενη Ανάπτυξη Εμβρύου: Τι Σημαίνει Όταν Είναι Μικρό το Έμβρυο, Προληπτικός Γυναικολογικός Έλεγχος: Κάθε Πότε και τι Περιλαμβάνει, HPV: Η Αναγκαιότητα Εμβολιασμού και στα Δύο Φύλα, Αίμα στην Αρχή της Εγκυμοσύνης, Διατροφή και Γονιμότητα: Πώς Συνδέονται, Πρόωρος Τοκετός, Ρινοπλαστική: Μύθοι και Αλήθειες, Τα Νέα μας, Για την Κοινωνία.
700 1# - ΠΡΟΣΘΕΤΗ ΑΝΑΓΡΑΦΗ--ΦΥΣΙΚΟ ΠΡΟΣΩΠΟ
Personal name Βασιλάκη Κατερίνα
9 (RLIN) 9488
710 2# - ΠΡΟΣΘΕΤΗ ΑΝΑΓΡΑΦΗ--ΣΥΛΛΟΓΙΚΟ ΟΡΓΑΝΟ
Corporate name or jurisdiction name as entry element Mc Victor And Hamilton Sa
9 (RLIN) 9837
942 ## - ADDED ENTRY ELEMENTS (KOHA)
Koha item type Περιοδικά Δημοσιεύματα
Holdings
Τύπος τεκμηρίου Βιβλιοθήκη Τρέχουσα τοποθεσία Barcode Ημερομηνία απόκτησης Ταξιθετικό σύμβολο Αριθμός αντιτύπου Κατάσταση απόσυρσης Κατάσταση χαμένου Κατάσταση κατεστραμμένου Μη δανεισμός Σύνολο δανεισμών Ημερομηνία τελευταίας εμφάνισης Η τιμή ισχύει από
Περιοδικά Δημοσιεύματα MC Athens Campus Library MC Athens Campus Library 9780000097668 05/06/2025 LIFE HEALTH 1           05/06/2025 05/06/2025

MC Athens Campus Library
Πατησίων 94 & Κοδριγκτώνος 13, 104 34
Πελλήνης 8 & Πατησίων 107, 112 51
Τ: +30 210 8899600

MC Thessaloniki Campus Library
Ίωνος Δραγούμη 21, 54625 | Ίωνος Δραγούμη 15, 54625
Τ: +30 2310 287779 – Τ: +30 2314 440300